| 000 | 00564nam a2200205 u 4500 | ||
|---|---|---|---|
| 005 | 20220603063752.0 | ||
| 008 | 190409s2007 es r 000 0 spa d | ||
| 020 | _a9788424119249 | ||
| 035 | _aUPN01000230208 | ||
| 049 | _aI | ||
| 050 | 4 |
_aPZ74.9 _bS2.86 |
|
| 100 | 1 |
_aSayalero, Myriam _940098 |
|
| 245 | 1 | 3 |
_aEl soldadito de plomo / _cMyriam Sayalero ; il. Gustavo Mazali. |
| 260 |
_aLeón, Esp. : _bEverest, _c2007. |
||
| 300 |
_a16 p. : _bil. col. |
||
| 440 | 0 | _aGirasol | |
| 650 | 4 |
_aCuentos infantiles _96744 |
|
| 905 | _aInfantil | ||
| 999 |
_c202303 _d202303 |
||